000
00246nam a2200109Ia 4500
100
_a
Yariv Annon
942
_c
BK
654
_a
mechanism
245
_a
Theory of Mechanisms & machines
260
_b
John Wiley
_a
New York
_c
1982
546
_a
ENGLISH
999
_c
28910
_d
28910